Normal view
MARC view
- 1100 WORDS You Need To Know
Entry Topical Term
001 - CONTROL NUMBER
- control field: 1899
003 - CONTROL NUMBER IDENTIFIER
- control field: JO-AjAnu
005 - DATE AND TIME OF LATEST TRANSACTION
- control field: 20230606070620.0
008 - FIXED-LENGTH DATA ELEMENTS
- fixed length control field: 230606|| aca||aabn | a|a d
040 ## - CATALOGING SOURCE
- Original cataloging agency: JO-AjAnu
- Transcribing agency: JO-AjAnu
150 ## - HEADING--TOPICAL TERM
- Topical term or geographic name entry element: 1100 WORDS You Need To Know
670 ## - SOURCE DATA FOUND
- Source citation: Work cat.: (JO-AjAnu)999: تأليف Bromberg,Murray ;م.مشارك Melvin Gordon, author 1898, 1100 WORDS You Need To Know